Cary grant--a class apart (Record no. 124620)

MARC details
000 -LEADER
fixed length control field 00920nam a2200193Ia 4500
008 - FIXED-LENGTH DATA ELEMENTS--GENERAL INFORMATION
fixed length control field 191130s2004##################000#0#eng##
020 ## - INTERNATIONAL STANDARD BOOK NUMBER
ISBN 9781857025743
082 ## - DEWEY DECIMAL CLASSIFICATION NUMBER
Classification number 791.43658 DOH
100 ## - MAIN ENTRY--AUTHOR NAME
Personal name McCann, Graham
245 ## - TITLE STATEMENT
Title Cary grant--a class apart
Statement of responsibility, etc Turner Classic Movies and Turner Entertainment Co. ; produced and written by Robert Trachtenberg
260 ## - PUBLICATION, DISTRIBUTION, ETC. (IMPRINT)
Place of publication London
Name of publisher Fourth Estate
Year of publication 2004
300 ## - PHYSICAL DESCRIPTION
Number of Pages xii, 418p, 19cm
500 ## - GENERAL NOTE
General note Copyright: Turner Entertainment Co. DCR 2004; PUB 1Jun04; REG 25Jun04; PA1-229-698. Parts 1 & 2. Source used: copyright data base; copyright data sheet; Internet Movie data base. Helen Mirren, Jeremy Northam, Cary Grant, Barbara Harris, Jeanine Basinger. Received: 08/27/2004; viewing copy; copyright deposit--RNR; Copyright Collection
991 ## -
-- 363411
Holdings
Withdrawn status Lost status Damaged status Not for loan Home library Current library Shelving location Date acquired Full call number Accession Number Price effective from Koha item type
        Anna Centenary Library Anna Centenary Library 6TH FLOOR, B WING 12.10.2020 791.43658 DOH 486315 12.10.2020 English Books

Find us on the map